Výpočtová štatistika /

Enregistré dans:
Détails bibliographiques
Auteur principal: Chajdiak, Jozef (Auteur)
Format: Livre
Publié: Bratislava : Vysoká škola ekonomická, Bratislava, 1989
Tags: Ajouter un tag
Pas de tags, Soyez le premier à ajouter un tag!

MARC

LEADER 00000nam a22000003a 4500
001 stu14936
005 20150617225800.7
008 ------s1989----cs----------------------d
040 |a STU  |b slo 
041 0
044 |a cs 
080 |a 519.2(075.8) 
100 1 |a Chajdiak, Jozef  |4 aut 
245 1 |a Výpočtová štatistika /  |c [aut.]Chajdiak,Jozef 
260 |a Bratislava :  |b Vysoká škola ekonomická, Bratislava,  |c 1989 
300 |a 359 s :  |b Tab.,grafy,lit 
996 |b CB804  |c C*B804  |l CCXIV  |s P  |a 0  |w stu14936_0001